| 000 | 01128nam a2200301 c 4500 | ||
|---|---|---|---|
| 003 | BLK | ||
| 005 | 20230201152559.0 | ||
| 008 | 180410b bul|||||r ||||||| ||bul|| | ||
| 010 | _aKNG00154968000 | ||
| 040 | _aBLK | ||
| 041 |
_aBUL _cBUL |
||
| 080 |
_aЯпонска литература _b821.521 _x-93-34 _z821.521-93-34 |
||
| 700 | 1 |
_aДжани _eил. _9330122 |
|
| 700 | 1 |
_aТрендафилова, Надя _eпрев. от фр. _9364008 |
|
| 139 |
_aЯпонски приказки _bЯ 74 |
||
| 245 | 1 | 0 |
_aЯпонски приказки _cил. Джани; прев. от фр. Надя Трендафилова. |
| 250 | _a4. изд. | ||
| 257 | _aJAP | ||
| 260 |
_аСофия _bМладеж _c1991 |
||
| 300 |
_a62 с. _bс цв. ил. _c33 см |
||
| 380 | _aDX | ||
| 500 | _aПрев. е направен от Contes Japonais . - 1. изд. 1974. - Офс. изд. - 30000 тир. | ||
| 852 | _aЦб ІІ 19138 | ||
| 856 | 4 |
_qpdf _u |
|
| 856 | 4 |
_qpdf _u |
|
| 942 |
_cKNG _n0 _06 |
||
| 944 |
_aCR _c27.12.2013 _l27.12.2013 - от С1,Р / 27.12.2013 _kМитко_Георгиев |
||
| 944 |
_aED _c27.12.2013 _l27.12.2013 - от С1,Р / 27.12.2013 _k |
||
| 999 |
_c148743 _d148743 |
||